=LDR 00000nam 2200000 4500 =001 INLIS000000000003670 =005 20220204084535 =035 ##$$a 0010-0222000281 =245 1#$$a Analisis Pemilihan Metode Pengendalian Persediaan Bahyan Baku NPK dengan Menggunakan Metode EOQ, Blanket Order dan Min-Max Stock pada PT. Pupuk Kujang Cikampek : $b Kuliah Kerja Praktek /$c Marthen Mendila =100 1#$$a MENDILA, Marthen =250 ##$$a 2015 =300 ##$$a xiv, 109 halaman : $b Tabel, gambar ; $c 19,5x27 cm =856 ##$$a OPAC (Rak KKP T&MI 2015) =260 ##$$a Makassar :$b Politeknik ATI Makassar - Teknik dan Manajemen Industri,$c 2015 =082 ##$$a (R)2015 LKKP-T&MI 818 =084 ##$$a (R)2015 LKKP-T&MI 818 MEN a =650 #4$$a Laporan Praktek T&MI 2015 =500 ##$$a Laporan Praktek T&MI 2015 =990 ##$$a 10/LKKP T&MI 2015